Statistics for Wales Historic Counties (Map)

Click here to take the quiz!

General Stats

  • This quiz has been taken 54 times
    (44 since last reset)
  • The average score is 26 of 38

Answers on the Map

Answers color-coded by a green-red scale on the quiz's map according to % correct below.
 

Answer Stats

County% Correct
Anglesey
90%
Anglesey
90%
Glamorgan/Glamorganshire
86%
Denbighshire
76%
Flintshire
76%
Flintshire
76%
Flintshire
76%
Pembrokeshire
76%
Pembrokeshire
76%
Pembrokeshire
76%
Pembrokeshire
76%
Pembrokeshire
76%
Pembrokeshire
76%
Pembrokeshire
76%
Pembrokeshire
76%
Pembrokeshire
76%
Pembrokeshire
76%
Pembrokeshire
76%
Pembrokeshire
76%
Pembrokeshire
76%
Pembrokeshire
76%
Pembrokeshire
76%
Pembrokeshire
76%
Pembrokeshire
76%
Pembrokeshire
76%
Pembrokeshire
76%
Pembrokeshire
76%
Monmouthshire
71%
Montgomeryshire
71%
Cardiganshire
67%
Carmarthenshire
67%
Brecknockshire/Breconshire
52%
Radnorshire
52%
Merionethshire
48%
Caernarvonshire
24%
Caernarvonshire
24%
Caernarvonshire
24%
Caernarvonshire
24%

Score Distribution

Percentile by Number Answered

Percent of People with Each Score

Your Score History

You have not taken this quiz since the last reset